Online katalóg knižníc regiónu Turca

O psovi, ktorý mal chlapca (Record no. 22698)

MARC details
000 -LEADER
fixed length control field 01647cam a2200469 a 4500
001 - CONTROL NUMBER
control field 22698
003 - CONTROL NUMBER IDENTIFIER
control field SK-KTurca
005 - DATE AND TIME OF LATEST TRANSACTION
control field 20260420164032.0
008 - FIXED-LENGTH DATA ELEMENTS--GENERAL INFORMATION
fixed length control field 160610s2013 xo a b 000 j slo
015 ## - NATIONAL BIBLIOGRAPHY NUMBER
National bibliography number SNBA2014/03
020 ## - INTERNATIONAL STANDARD BOOK NUMBER
International Standard Book Number 9788089552764
Qualifying information (viaz.)
035 ## - SYSTEM CONTROL NUMBER
System control number 3B8FDAF5-52EB-4060-B5E0-B72FAFA2B94F
035 ## - SYSTEM CONTROL NUMBER
System control number urn:nbn:sk:snk-aml0s5
035 ## - SYSTEM CONTROL NUMBER
System control number urn:nbn:sk:snk-am008nx3
040 ## - CATALOGING SOURCE
Original cataloging agency SNK
Language of cataloging slo
Transcribing agency SNK
Description conventions AACR2
041 0# - LANGUAGE CODE
Language code of text/sound track or separate title slo
044 ## - COUNTRY OF PUBLISHING/PRODUCING ENTITY CODE
MARC country code xo
ISO country code SK
072 #7 - SUBJECT CATEGORY CODE
Subject category code 821.162.4
Subject category code subdivision Slovenská literatúra
Source konspekt
072 #7 - SUBJECT CATEGORY CODE
Subject category code 821-93
Subject category code subdivision Literatúra pre deti a mládež (beletria)
Source konspekt
080 ## - UNIVERSAL DECIMAL CLASSIFICATION NUMBER
Universal Decimal Classification number 37.016:028-028.31
Edition identifier 2001
080 ## - UNIVERSAL DECIMAL CLASSIFICATION NUMBER
Universal Decimal Classification number 821-93
Edition identifier 2001
080 ## - UNIVERSAL DECIMAL CLASSIFICATION NUMBER
Universal Decimal Classification number 821.162.4-34
Edition identifier 2001
100 1# - MAIN ENTRY--PERSONAL NAME
Personal name Jarunková, Klára,
Dates associated with a name 1922-2005
Relationship aut
245 10 - TITLE STATEMENT
Title O psovi, ktorý mal chlapca
Statement of responsibility, etc. Klára Jarunková ; ilustrovala Dana Zacharová
250 ## - EDITION STATEMENT
Edition statement 1. vyd.
260 ## - PUBLICATION, DISTRIBUTION, ETC.
Place of publication, distribution, etc. Bratislava
Name of publisher, distributor, etc. Trio Publishing
Date of publication, distribution, etc. 2013
300 ## - PHYSICAL DESCRIPTION
Extent 47 s.
Other physical details fareb. ilustr.
Dimensions 22 cm
490 1# - SERIES STATEMENT
Series statement Analfabeta Negramotná/Čítame s porozumením
500 ## - GENERAL NOTE
General note Kniha vyšla v rámci projektu Čítame s porozumením
521 1# - TARGET AUDIENCE NOTE
Target audience note Pre deti od 5 do 8 rokov
650 07 - SUBJECT ADDED ENTRY--TOPICAL TERM
Topical term or geographic name entry element čítanie s porozumením
Source of heading or term SNKPH
650 07 - SUBJECT ADDED ENTRY--TOPICAL TERM
Topical term or geographic name entry element Reading comprehension
Source of heading or term SNKPHeng
655 #7 - INDEX TERM--GENRE/FORM
Genre/form data or focus term slovenské rozprávky
Source of term SNKPH
655 #7 - INDEX TERM--GENRE/FORM
Genre/form data or focus term Slovak fairy tales
Source of term SNKPHeng
655 #7 - INDEX TERM--GENRE/FORM
Genre/form data or focus term literatúra pre deti
Source of term SNKPH
655 #7 - INDEX TERM--GENRE/FORM
Genre/form data or focus term Children’s literature
Source of term SNKPHeng
700 1# - ADDED ENTRY--PERSONAL NAME
Personal name Zacharová, Dana,
Dates associated with a name 1947-
Relationship ill
830 #0 - SERIES ADDED ENTRY--UNIFORM TITLE
Uniform title Analfabeta Negramotná/Čítame s porozumením
942 ## - ADDED ENTRY ELEMENTS (KOHA)
Source of classification or shelving scheme Dewey Decimal Classification
Koha item type Krásna literatúra pre deti
Suppress in OPAC No
Holdings
Stav vyradenia Strata Poškodenie Spôsob nadobudnutia Domovská knižnica Aktuálna knižnica Dátum nadobudnutia Total checkouts Čiarový kód exemplára Date last seen Typ exemplára
      Dar Mestská knižnica Turany Mestská knižnica Turany 20.04.2026   4712401332 20.04.2026 Krásna literatúra pre deti
Projekt je podporený Slovenskou asociáciou knižníc
Prevádzkuje Turčianska knižnica Martin 2026